Organic chemistry / (Record no. 813)

MARC details
000 -LEADER
fixed length control field 00794nam a2200277 4500
001 - CONTROL NUMBER
control field 915629
005 - DATE AND TIME OF LATEST TRANSACTION
control field 20141015091345.0
007 - PHYSICAL DESCRIPTION FIXED FIELD--GENERAL INFORMATION
fixed length control field 000
008 - FIXED-LENGTH DATA ELEMENTS--GENERAL INFORMATION
fixed length control field 000
010 ## - LIBRARY OF CONGRESS CONTROL NUMBER
LC control number 82008855
020 ## - INTERNATIONAL STANDARD BOOK NUMBER
International Standard Book Number 0205058388 :
Terms of availability $35.00 (est.)
040 ## - CATALOGING SOURCE
Original cataloging agency UOEL
Transcribing agency DLC
Modifying agency DLC
050 00 - LIBRARY OF CONGRESS CALL NUMBER
Classification number QD251.2
Item number .M67 1983
082 00 - DEWEY DECIMAL CLASSIFICATION NUMBER
Classification number 547
Edition number 19
100 1# - MAIN ENTRY--PERSONAL NAME
Personal name Morrison, Robert Thornton,
Dates associated with a name 1918-
245 10 - TITLE STATEMENT
Title Organic chemistry /
Statement of responsibility, etc Robert Thornton Morrison, Robert Neilson Boyd.
250 ## - EDITION STATEMENT
Edition statement 4th ed.
260 ## - PUBLICATION, DISTRIBUTION, ETC. (IMPRINT)
Place of publication, distribution, etc Boston :
Name of publisher, distributor, etc Allyn and Bacon,
Date of publication, distribution, etc c1983.
300 ## - PHYSICAL DESCRIPTION
Extent xxiv, 1370 p. :
Other physical details ill. ;
Dimensions 26 cm.
500 ## - GENERAL NOTE
General note Includes index.
504 ## - BIBLIOGRAPHY, ETC. NOTE
Bibliography, etc Bibliography: p. 1293-1302.
650 #0 - SUBJECT ADDED ENTRY--TOPICAL TERM
Topical term or geographic name as entry element Chemistry, Organic.
General subdivision Chemistry
700 1# - ADDED ENTRY--PERSONAL NAME
Personal name Boyd, Robert Neilson.
906 ## - LOCAL DATA ELEMENT F, LDF (RLIN)
a 7
b cbc
c orignew
d 1
e ocip
f 19
g y-gencatlg
942 ## - ADDED ENTRY ELEMENTS (KOHA)
Source of classification or shelving scheme Library of Congress Classification
Item type Short Loan for 1 day
Holdings
Withdrawn status Lost status Source of classification or shelving scheme Damaged status Not for loan Home library Current library Shelving location Date acquired Total Checkouts Full call number Barcode Date last seen Copy number Price effective from Koha item type Date last borrowed
    Library of Congress Classification     UOE Main Library UOE Main Library Short Loan Area 15/10/2014   QD251.2 .M67 1983 10044643 27/04/2026 10044643 15/10/2014 Short Loan for 1 day  
    Library of Congress Classification     UOE Main Library UOE Main Library Short Loan Area 15/10/2014   QD251.2 .M67 1983 10044641 27/04/2026 10044641 15/10/2014 Short Loan for 1 day  
    Library of Congress Classification     UOE Main Library UOE Main Library Short Loan Area 15/10/2014   QD251.2 .M67 1983 10040210 27/04/2026 10040210 15/10/2014 Short Loan for 1 day  
    Library of Congress Classification     UOE Main Library UOE Main Library Short Loan Area 15/10/2014 3 QD251.2 .M67 1983 20135296 27/04/2026 20135296 15/10/2014 Short Loan for 1 day 13/04/2017
    Library of Congress Classification     UOE Main Library UOE Main Library Short Loan Area 15/10/2014 3 QD251.2 .M67 1983 10044642 27/04/2026 10044642 15/10/2014 Short Loan for 1 day 26/11/2018
    Library of Congress Classification     UOE Main Library UOE Main Library Short Loan Area 15/10/2014 19 QD251.2 .M67 1983 10044442 27/04/2026 10044442 15/10/2014 Short Loan for 1 day 04/04/2019